[Event "Kragero Resort Chess A 2018"]
[Site "Kragero"]
[Date "2018.02.23"]
[Round "5"]
[White "Kaasen, Tor Fredrik"]
[Black "Hillarp Persson, Tiger"]
[Result "0-1"]
[WhiteElo "2335"]
[BlackElo "2543"]
[Annotator "TA"]
[PlyCount "134"]
[EventDate "2018.??.??"]
[EventType "swiss"]
[EventCountry "NOR"]
[SourceTitle "playchess.com"]
[Source "ChessBase"]
[SourceQuality "1"]

{[%evp 22,134,27,18,21,30,26,0,0,-67,-1,-22,-22,-32,-30,-31,0,-55,-74,-52,-53,-57,-52,-94,-101,-149,-165,-161,-161,-212,-210,-215,-185,-210,-185,-650,-691,-606,-654,-1296,-1294,-1289,-1239,-1223,-1210,-962,-681,-947,-909,-909,-818,-754,-716,-695,-383,-383,-383,-383,-383,-383,-383,-383,-383,-383,-383,-376,-376,-376,-368,-343,-329,-329,-329,-329,-316,-316,-80,-80,-79,-359,-79,-304,-79,-79,-79,-79,-79,-79,0,-79,-79,-353,-8,-29956,-29956,-29955,-29961,-29961,-29958,-29960,-29963,-29969,-29967,-29972,-29973,-29975,-29975,-29978,-29979,-29979,-29980,-29984,-29985,-29985,-29986]} 1. d4 Nf6 2. c4 g6 3. Nc3 Bg7 4. g3 O-O 5. Bg2 d6 6. Nf3 {[%cal Bg1f3,Bf3e1,Be1d3][%mdl 32]} Nc6 7. O-O e5 8. d5 Nb8 {[%cal Bc6b8,Bb8a6,Ba6c5][%mdl 32]} 9. e4 a5 {E62: King's Indian: Fianchetto: 6...c6 and Panno Variation (6...Nc6) without ...a6} 10. Ne1 Na6 11. Nd3 Nd7 12. Be3 {LiveBook: 31 Games} (12. f4 exf4 13. gxf4 Nb6 14. Qb3 Re8 15. Be3 a4 16. Nxa4 Nxa4 17. Qxa4 {0-1 (32) Mamedyarov,S (2772)-Shimanov,A (2642) chess.com INT 2017}) 12... b6 13. a3 Nac5 14. Rb1 f5 15. f3 $146 ({White should play} 15. exf5 $11 gxf5 16. Nxc5 Nxc5 17. b3) ({Predecessor:} 15. exf5 gxf5 16. f3 Nxd3 17. Qxd3 {1-0 (76) Etrog,J (2247)-Ribiere,D (1957) Montigny le Bretonneux 2016}) 15... a4 (15... Nxd3 $15 16. Qxd3 f4) 16. Nxc5 (16. Nb4 {is interesting.} f4 17. Nc6 Qg5 18. Bf2 Ba6 19. Nb5) 16... Nxc5 17. Bxc5 bxc5 18. Nxa4 Bh6 19. Nc3 (19. Bh3 $11) 19... Be3+ $15 20. Kh1 f4 21. gxf4 exf4 22. Qd3 Qh4 23. e5 Bf5 (23... dxe5 $6 24. d6 $11) 24. Ne4 dxe5 25. d6 (25. b4 $142) 25... cxd6 26. Qd5+ Kh8 27. Qxd6 Rae8 {White must now prevent ...Bxe4.} 28. b4 $2 (28. Qd5) 28... Bxe4 $19 29. fxe4 g5 {[%cal Bg6g5,Bg5g4][%mdl 32]} 30. Rb3 {With the idea Rxe3!} f3 $1 {[%cal Rf3g2]} 31. Bxf3 {[#]} Rxf3 $1 {[%mdl 512]} 32. Rxf3 Qe1+ 33. Kg2 Qg1+ 34. Kh3 {Rf8+ would kill now.} g4+ 35. Kh4 gxf3 36. Qf6+ Kg8 37. Qxf3 Qxh2+ 38. Qh3 Bf2+ 39. Kh5 Qxh3+ 40. Rxh3 cxb4 41. axb4 {[%mdl 4096] Endgame KRB-KR} Rb8 42. Rb3 Bd4 43. c5 {If only White now had time for c6....} Kf7 44. c6 Ke6 45. b5 Kd6 46. Kh6 Kc7 47. Kxh7 Rf8 48. Rb1 Rf4 $2 (48... Bc5 $19 {has better winning chances. ...Bd6 is the strong threat.} 49. Kg6 Bd6) 49. Kg6 $17 Rxe4 50. Rh1 $2 {[%mdl 8192]} (50. Kf5 $17 Rf4+ 51. Ke6) 50... Rg4+ $2 (50... Kd6 $1 $19 {is more deadly. Strongly threatening ...Rg4+.} 51. Rh6 Be3) 51. Kf6 $2 (51. Kf5 $17 {is the only way for White.} Rg7 52. Ke6) 51... Kb6 $2 (51... Kd6 $1 $19 {And now ...Rf4+ would win.} 52. Rh7 Rf4+ 53. Kg6 Rf8 54. Rd7+ Ke6) 52. Ke6 Rg6+ (52... Kxb5 $6 53. c7 $11) 53. Kd7 Rg7+ ({Much worse is} 53... Kxb5 54. Rb1+ Kc4 55. c7 $11) 54. Kd6 Rg6+ 55. Kd7 $1 Bc5 ({But not} 55... Kxb5 56. Rb1+ Kc5 57. Rc1+ Kd5 58. c7 $11) 56. Rh7 $2 {[%mdl 8192]} (56. c7 $17 {was forced.} Rg7+ 57. Ke6 Rxc7 58. Kxe5) 56... Rd6+ $2 ({Inferior is} 56... Kxb5 57. c7 $11) (56... Bd6 $19 57. Kc8 e4) 57. Kc8 $2 {[%mdl 8192]} (57. Ke8 $11) 57... Kxb5 {Black mates.} 58. c7 {[#]} Bb6 $1 59. Kb7 {[#]} Bxc7 $1 60. Kxc7 {[#] KR-KR} Kc5 $1 61. Rh1 Rd2 62. Rh6 e4 {[%cal Be5e4,Be4e3,Be3e2][%mdl 32]} 63. Rh5+ Kc4 64. Kc6 e3 65. Re5 e2 66. Re4+ Kd3 67. Kd5 Rd1 {Precision: White = 32%, Black = 54%.} 0-1

[Event "Kragero Resort Chess A 2018"]
[Site "Kragero"]
[Date "2018.02.23"]
[Round "5"]
[White "Royset, Pal"]
[Black "Fossan, Andreas"]
[Result "1/2-1/2"]
[WhiteElo "2285"]
[BlackElo "1997"]
[Annotator "TA"]
[PlyCount "79"]
[EventDate "2018.??.??"]
[EventType "swiss"]
[EventCountry "NOR"]
[SourceTitle "playchess.com"]
[Source "ChessBase"]
[SourceQuality "1"]

{[%evp 28,79,0,-28,22,0,0,0,0,0,3,0,44,29,82,80,83,81,85,60,124,107,125,120,165,108,213,224,401,321,408,396,554,560,535,487,485,350,795,756,1062,1037,985,971,12835,12835,12835,1660,12841,12842,12842,12843,12843,12843]} 1. e4 e6 2. d4 d5 3. Nc3 Nf6 4. e5 Nfd7 5. f4 c5 6. Nf3 Nc6 7. Be3 a6 8. Qd2 b5 9. dxc5 Bxc5 10. Bxc5 Nxc5 11. Bd3 Qb6 12. Qf2 b4 13. Ne2 a5 14. O-O Ba6 15. Rfd1 {LiveBook: 16 Games} Na4 {C11: French: Classical System: 4 e5 and 4 Bg5 dxe4} 16. b3 Qxf2+ 17. Kxf2 Nc5 $1 {The position is equal.} 18. Ned4 Nxd4 19. Nxd4 {[#]} O-O $146 ({Predecessor:} 19... Kd7 20. a3 Rhb8 21. Ke3 h6 22. axb4 axb4 23. Bxa6 Rxa6 24. Rxa6 Nxa6 25. Ra1 Rb6 26. g4 f6 27. Nf3 {½-½ (27) Bocharov,D (2245)-Gleizerov,E (2535) Tomsk 1998}) 20. Ke3 Rfe8 (20... a4 $11 {remains equal.}) 21. a3 $16 Bxd3 22. cxd3 bxa3 23. Rdc1 Nd7 ({Black should play} 23... Rec8 $14) 24. Rxa3 f6 25. exf6 Nxf6 {[#]} 26. Nc6 (26. Kd2 $1 $18) 26... Ra6 {[#]} (26... Kf8 $16 {is a better defense.}) 27. b4 $1 $18 {[%cal Bb3b4,Bb4b5][%mdl 32]} ({Don't do} 27. Rxa5 $6 Rxa5 28. Nxa5 e5 $16) 27... Nd7 $2 (27... a4 {was called for.} 28. b5 Rb6) 28. b5 Rb6 29. Rxa5 e5 30. fxe5 Nxe5 31. Kd4 Nd7 32. Rf1 g6 $2 (32... Rb7 33. Rfa1 Nf8) 33. Ra7 {White is clearly winning.} Nb8 34. Kc5 Nxc6 35. Kxb6 Nxa7 36. Kxa7 {KR-KR} Re2 37. Rb1 Rxg2 38. b6 Ra2+ 39. Kb8 Rc2 40. b7 {[%mdl 32768] Precision: White = 75%, Black = 23%. . An unexpected result.} 1/2-1/2

[Event "Kragero Resort Chess A 2018"]
[Site "Kragero"]
[Date "2018.02.23"]
[Round "5"]
[White "Kantane, Anna"]
[Black "Bruaset, Eivind"]
[Result "1-0"]
[WhiteElo "2254"]
[BlackElo "2108"]
[Annotator "TA"]
[PlyCount "53"]
[EventDate "2018.??.??"]
[EventType "swiss"]
[EventCountry "NOR"]
[SourceTitle "playchess.com"]
[Source "ChessBase"]
[SourceQuality "1"]

{[%evp 12,53,6,25,33,16,36,22,43,37,59,50,54,61,91,86,108,93,102,107,141,130,122,132,133,106,134,114,198,198,194,193,194,191,232,216,284,274,271,276,322,325,486,536]} 1. e4 e6 2. d4 d5 3. Nd2 Be7 4. e5 c5 5. Qg4 Kf8 6. Ndf3 {C03: French Tarrasch: Unusual Black 3rd moves} (6. dxc5 Nc6 7. Ngf3 Bxc5 8. Nb3 Be7 9. Bd3 h5 10. Qf4 Nh6 11. O-O Kg8 12. Re1 Nb4 13. Nbd4 Nxd3 14. cxd3 {1-0 (32) Short,N (2646)-Forcen Esteban,D (2565) Madrid 2016}) 6... Nc6 7. Bd3 {LiveBook: 9 Games} Nb4 {[#] And now ...c4 would win.} 8. dxc5 $1 {White is slightly better.} Bxc5 $146 ({Predecessor:} 8... Nxd3+ 9. cxd3 b6 10. Ne2 Ba6 11. c6 Bxd3 12. Bd2 Qc8 13. Nfd4 h5 {1-0 (36) Baldauf,M (2131)-Absmaier,F (2098) Bayern 2006}) 9. Ne2 {[%cal Bg1e2,Be2f4,Bf4h5][%mdl 32]} Ne7 10. Be3 Qb6 11. Bxc5 Qxc5 12. O-O h5 13. Qg5 $36 {[%mdl 2048] White is on the roll.} Bd7 14. Nf4 Nxd3 15. cxd3 Nf5 16. Nxh5 Qe7 {[#] aiming for ...Qxg5.} 17. Qg4 Rh6 18. Nf4 Nh4 19. Nd4 Ng6 (19... Nf5 $16) 20. Nxg6+ $18 Rxg6 21. Qf4 Rh6 22. g3 Bc6 23. Rac1 Qd7 24. Rc2 a5 25. Rfc1 Rc8 26. Qd2 Qc7 (26... f6 $142 27. exf6 Rxf6) 27. Nxc6 {Precision: White = 79%, Black = 26%.} 1-0

[Event "Kragero Resort Chess A 2018"]
[Site "Kragero"]
[Date "2018.02.23"]
[Round "5"]
[White "Tryggestad, Andreas Garberg"]
[Black "Fossan, Aleksander"]
[Result "1/2-1/2"]
[WhiteElo "2241"]
[BlackElo "2004"]
[Annotator "TA"]
[PlyCount "83"]
[EventDate "2018.??.??"]
[EventType "swiss"]
[EventCountry "NOR"]
[SourceTitle "playchess.com"]
[Source "ChessBase"]
[SourceQuality "1"]

{[%evp 18,83,57,58,62,70,63,5,33,31,34,34,34,34,34,34,39,36,39,36,31,39,29,10,39,31,45,45,44,29,36,-86,19,17,21,16,28,20,19,22,39,0,37,42,36,0,0,0,0,0,0,0,0,0,0,0,0,0,0,0,95,0,0,0,0,-13,-14,-69]} 1. d4 Nf6 2. c4 g6 3. Nc3 d5 4. Bg5 Ne4 5. Bh4 Nxc3 6. bxc3 dxc4 7. e3 Bg7 8. Bxc4 O-O 9. Nf3 c5 10. O-O {LiveBook: 28 Games. D80: Grünfeld: Unusual White 4th moves and 4 Bg5} Bf5 $146 ({Predecessor:} 10... Nc6 11. Rc1 Na5 12. Be2 Be6 13. c4 cxd4 14. Nxd4 Bd7 15. Bf3 Re8 16. Nb3 Nxb3 17. Qxb3 Bc6 {½-½ (46) Wang,Y (2723)-Kamsky,G (2721) Beijing 2013}) 11. Qb3 {aiming for Ng5.} Nc6 12. Ng5 ({Better is} 12. Qxb7 $14 Na5 13. Qd5) 12... Qe8 13. Qxb7 {Strongly threatening Bd5.} Na5 14. Qb5 Nxc4 15. Qxc4 cxd4 16. cxd4 e5 17. Nf3 exd4 18. Nxd4 Qe4 19. Bg3 Be6 20. Qc1 Bd5 {[%csl Gd5][%cal Re4g2]} 21. f3 Qe7 22. Qd2 Rac8 23. Rab1 {[%cal Ba1b1,Bb1b2,Bb2b6][%mdl 32]} Rfd8 24. Bf2 {[#]} (24. Rfe1 $14 {keeps the upper hand.}) 24... Qa3 (24... Bxf3 $1 $17 {[%mdl 512]} 25. Bg3 (25. Nxf3 Rxd2) 25... Bd5) 25. Rb2 $11 a6 26. h4 Bh6 27. Re1 Re8 28. Rb6 Bc4 29. Nf5 Bf8 30. Nd6 Red8 31. Nxc4 Rxd2 32. Nxa3 Bxa3 33. Rxa6 Rcc2 {...Bc5 is the strong threat.} 34. Rf1 Bc1 35. Ra8+ Kg7 {Threatening ...Rxf2!} 36. Re8 Rxa2 37. g4 Re2 38. g5 Bd2 {[#]} (38... Rac2 $11 {remains equal.}) 39. Re4 (39. Rb1 $1 $16 {[%cal Rb1b8] Threatening mate with Rbb8.} h6 40. Rbb8 hxg5 41. hxg5) 39... Be1 {The position is equal.} 40. Rxe1 (40. Bxe1 $2 {leads to mate.} Rg2+ 41. Kh1 Rh2+ 42. Kg1 Rag2#) 40... Rxf2 41. Rg4 Rxf3 42. Rg2 {Precision: White = 47%, Black = 73%.} (42. e4 $11) 1/2-1/2

[Event "Kragero Resort Chess A 2018"]
[Site "Kragero"]
[Date "2018.02.23"]
[Round "5"]
[White "Dahl, Trygve"]
[Black "Sagafos, Magne"]
[Result "1/2-1/2"]
[WhiteElo "2217"]
[BlackElo "2384"]
[Annotator "RC"]
[PlyCount "41"]
[EventDate "2018.??.??"]
[EventType "swiss"]
[EventCountry "NOR"]
[SourceTitle "playchess.com"]
[Source "ChessBase"]
[SourceQuality "1"]
[TimeControl "5400+30"]

1. e4 {[%emt 0:00:08]} e5 {[%emt 0:00:29]} 2. Nf3 {[%emt 0:00:07]} Nc6 {[%emt 0:00:07]} 3. Nc3 {[%emt 0:00:03]} Nf6 {[%emt 0:00:20]} 4. Bb5 {[%emt 0:00:05]} Bd6 {[%emt 0:02:26]} 5. O-O {[%emt 0:00:36]} O-O {[%emt 0:01:49]} 6. d3 {[%emt 0:00:41]} h6 {[%emt 0:06:22]} 7. a3 {[%emt 0:02:42]} a6 {[%emt 0:03:39]} 8. Bc4 {[%emt 0:01:08]} Bc5 {[%emt 0:07:16]} 9. Be3 {[%emt 0:08:10]} d6 {[%emt 0:05:23]} 10. Bxc5 {[%emt 0:03:01]} dxc5 {[%emt 0:00:06]} 11. h3 {[%emt 0:00:17]} Qd6 {[%emt 0:01:33]} 12. Nh4 {[%emt 0:16:51]} Ne7 {[%emt 0:01:41]} 13. Qf3 {[%emt 0:01:05]} g6 {[%emt 0:05:44]} 14. g4 {[%emt 0:04:43]} Kg7 {[%emt 0:06:46]} 15. Ng2 {[%emt 0:02:22]} g5 {[%emt 0:11:53]} 16. Ne3 {[%emt 0:04:56]} Ng6 {[%emt 0:03:29]} 17. Ne2 {[%emt 0:00:19]} Nh4 {[%emt 0:05:54]} 18. Qg3 {[%emt 0:02:11]} Ng6 {[%emt 0:09:43]} 19. Qf3 {[%emt 0:01:27]} Nh4 {[%emt 0:09:00]} 20. Qg3 {[%emt 0:00:19]} Ng6 {[%emt 0:00:04]} 21. Qf3 {[%emt 0:00:06]} 1/2-1/2

[Event "Kragero Resort Chess A 2018"]
[Site "Kragero"]
[Date "2018.02.23"]
[Round "5"]
[White "Vestby-Ellingsen, Mads"]
[Black "Hobber, Anders"]
[Result "1/2-1/2"]
[WhiteElo "2160"]
[BlackElo "2286"]
[Annotator "TA"]
[PlyCount "67"]
[EventDate "2018.??.??"]
[EventType "swiss"]
[EventCountry "NOR"]
[SourceTitle "playchess.com"]
[Source "ChessBase"]
[SourceQuality "1"]

{[%evp 18,67,69,79,70,60,107,103,114,112,104,119,115,24,70,51,58,50,87,86,92,82,91,55,112,60,56,51,93,91,103,0,0,0,0,0,0,0,0,0,0,0,0,0,0,0,0,0,0,0,0,-89]} 1. d4 d5 2. c4 c6 3. Nf3 Nf6 4. g3 Bf5 5. Nc3 e6 6. Nh4 {D11: Damengambit (Slawische Verteidigung)} Be4 7. f3 Bg6 8. Qb3 Qb6 9. c5 Qc7 10. Bf4 {LiveBook: 9 Partien} Qc8 11. e4 Be7 {[%cal Rd5e4]} 12. Bd6 dxe4 13. Bxe7 $146 ({Vorgänger:} 13. Nxg6 hxg6 14. fxe4 Bxd6 15. cxd6 {1-0 (36) Matlakov,M (2676)-Lintchevski,D (2526) St Petersburg 2013}) 13... Kxe7 14. Nxg6+ hxg6 15. Nxe4 (15. fxe4 $16 Qc7 16. e5) 15... Nxe4 16. fxe4 {[%cal Bf3e4,Be4e5][%mdl 32]} Nd7 17. Bc4 Nf6 18. e5 Nd5 19. O-O Qd7 20. Rf2 Raf8 ({Besser ist} 20... Rad8 $14) 21. Raf1 (21. Bxd5 $16 cxd5 22. Raf1) 21... f5 $14 22. exf6+ gxf6 23. Bxd5 cxd5 24. c6 (24. Qa3 $16) 24... Qxc6 $11 {Die Stellung ist ausgeglichen.} 25. Qa3+ Qd6 26. Qxa7 Qb4 27. a3 Qb5 28. Rc1 {[#] Und Tc7+ würde nun gewinnen.} Rc8 29. Rfc2 $1 {[%cal Rc2c8]} Rxc2 30. Rxc2 Kd7 31. b4 Qa6 32. Qc5 {[#] Weiss will mit Dc7+ Matt setzen.} Qc6 33. Rf2 f5 34. Qa5 {Precision: Weiß = 63%, Schwarz = 49%.} (34. Qxc6+ $11 {hält das Gleichgewicht.} Kxc6 35. Rc2+ Kd6 36. a4) 1/2-1/2

[Event "Kragero Resort Chess A 2018"]
[Site "Kragero"]
[Date "2018.02.23"]
[Round "5"]
[White "Baldursson, Hrannar"]
[Black "Pantzar, Milton"]
[Result "0-1"]
[WhiteElo "2153"]
[BlackElo "2260"]
[Annotator "RC"]
[PlyCount "68"]
[EventDate "2018.??.??"]
[EventType "swiss"]
[EventCountry "NOR"]
[SourceTitle "playchess.com"]
[Source "ChessBase"]
[SourceQuality "1"]
[TimeControl "5400+30"]

1. e4 {[%emt 0:00:00]} e5 {[%emt 0:00:08]} 2. Nf3 {[%emt 0:00:00]} Nc6 {[%emt 0:00:05]} 3. Bb5 {[%emt 0:00:00]} a6 {[%emt 0:00:04]} 4. Ba4 {[%emt 0:00:08]} Nf6 {[%emt 0:00:06]} 5. d3 {[%emt 0:00:17]} d6 {[%emt 0:00:16]} 6. c3 {[%emt 0:00:08]} Be7 {[%emt 0:00:05]} 7. O-O {[%emt 0:00:24]} O-O {[%emt 0:00:07]} 8. Re1 {[%emt 0:00:37]} b5 {[%emt 0:00:36]} 9. Bb3 {[%emt 0:00:51]} Na5 {[%emt 0:00:35]} 10. Bc2 {[%emt 0:00:14]} c5 {[%emt 0:00:08]} 11. Bg5 {[%emt 0:00:28]} Nc6 {[%emt 0:04:48]} 12. Nbd2 {[%emt 0:00:19]} Nh5 {[%emt 0:12:15]} 13. Be3 {[%emt 0:04:09]} g6 {[%emt 0:08:15]} 14. Bh6 {[%emt 0:02:05]} Ng7 {[%emt 0:02:46]} 15. Nf1 {[%emt 0:00:55]} Qe8 {[%emt 0:13:35]} 16. Ne3 {[%emt 0:02:14]} Bd8 {[%emt 0:02:48]} 17. Nd5 {[%emt 0:03:05]} f6 {[%emt 0:03:11]} 18. a4 {[%emt 0:01:44]} Rb8 {[%emt 0:01:55]} 19. axb5 {[%emt 0:00:42]} axb5 {[%emt 0:00:19]} 20. b4 {[%emt 0:01:43]} cxb4 {[%emt 0:05:46]} 21. Bb3 {[%emt 0:00:57]} Be6 {[%emt 0:01:42]} 22. Nxb4 {[%emt 0:00:43]} Nxb4 {[%emt 0:00:35]} 23. cxb4 {[%emt 0:00:08]} Bb6 {[%emt 0:05:06]} 24. Be3 {[%emt 0:01:59]} Bxe3 {[%emt 0:03:49]} 25. fxe3 {[%emt 0:00:13]} Qf7 {[%emt 0:06:40]} 26. Bxe6 {[%emt 0:00:31]} Qxe6 {[%emt 0:00:53]} 27. Ra7 {[%emt 0:04:30]} Ra8 {[%emt 0:02:15]} 28. Qa1 {[%emt 0:02:57]} Rxa7 {[%emt 0:01:31]} 29. Qxa7 {[%emt 0:00:02]} Qb3 {[%emt 0:00:25]} 30. Rc1 {[%emt 0:00:25]} Qxd3 {[%emt 0:07:58]} 31. Rc7 {[%emt 0:00:10]} Ne6 {[%emt 0:00:40]} 32. Rxh7 {[%emt 0:01:00]} Qxe4 {[%emt 0:01:02]} 33. Re7 {[%emt 0:01:30]} Ra8 {[%emt 0:03:50]} 34. Qd7 {[%emt 0:00:18]} Qxe3+ {[%emt 0:00:21]} 0-1

[Event "Kragero Resort Chess A 2018"]
[Site "Kragero"]
[Date "2018.02.23"]
[Round "5"]
[White "Bergsson, Stefan"]
[Black "Lindbol, Aleksander"]
[Result "1-0"]
[WhiteElo "2093"]
[BlackElo "2218"]
[Annotator "TA"]
[PlyCount "59"]
[EventDate "2018.??.??"]
[EventType "swiss"]
[EventCountry "NOR"]
[SourceTitle "playchess.com"]
[Source "ChessBase"]
[SourceQuality "1"]

{[%evp 16,59,19,9,13,27,41,18,30,37,33,-23,-25,-24,0,-20,-18,-50,-33,-113,-100,-165,-159,-158,-137,-141,-98,-98,-92,-127,0,0,0,-50,20,0,8,0,319,321,869,848,819,826,685,659]} 1. d4 Nf6 2. c4 e6 3. Nf3 b6 4. g3 Bb4+ 5. Nbd2 Bb7 6. Bg2 c5 7. a3 Bxd2+ 8. Qxd2 O-O 9. O-O {LiveBook: 34 Partien} d5 {E16: Damenindisch (Hauptfortsetzung mit Lb4)} 10. cxd5 exd5 $146 ({Vorgänger:} 10... Bxd5 11. dxc5 bxc5 12. b4 Nbd7 13. Qe3 cxb4 14. axb4 a5 15. b5 Nb6 16. Qd4 Nc4 17. Bf4 {½-½ (42) Ponomariov,R (2726)-Fedorchuk,S (2634) Kiev 2012}) 11. Ne5 Nbd7 {Die Stellung ist ausgeglichen.} 12. Nxd7 Nxd7 13. b4 (13. b3 $14) 13... c4 $11 14. a4 Rc8 15. Ra3 a6 16. g4 Nf6 17. Rh3 ({Besser ist} 17. f3 $15) 17... Nxg4 $17 18. Kh1 (18. Rg3 $17 {war nötig.} f5 19. f3) 18... f5 $19 19. Bf3 Qd7 20. Qg5 c3 {Und ...Tc4 würde nun gewinnen.} 21. Qh4 g6 {Weiss muss nun ...Tc4 beachten.} 22. Rg1 {[%cal Rg1g4]} Rce8 (22... Qg7 $17 {Droht stark ...h5.} 23. Bxg4 fxg4 24. Rxg4 c2) 23. Bxg4 $11 fxg4 24. Rxc3 {[%cal Bh3c3,Bc3c6,Bc6c7,Bc7g7,Bg7e7][%mdl 32]} Bc8 ({Lieber} 24... Rxe2 $15 25. Be3 Rc8 26. Rxc8+ Bxc8) 25. Bh6 Rf5 {Droht ...Th5 und aus.} 26. Rgc1 {zielt auf Tc7 ab.} Qe6 $2 {[%mdl 8192] [#]} (26... Rh5 $11 {und Schwarz muss sich keine Sorgen machen.} 27. Qf6 Rf5) 27. Rc6 $1 $18 {[%cal Rc6e6]} Qd7 $2 (27... Qe4+ 28. f3 Qxe2 29. Rxc8 gxf3 30. Rxe8+ Qxe8) 28. Rc7 {Weiß steht klar auf Gewinn.} Qe6 29. Rg7+ Kh8 {[#]} 30. Re7 $1 {[%mdl 512] Precision: Weiß = 47%, Schwarz = 39%.} 1-0

[Event "Kragero Resort Chess A 2018"]
[Site "Kragero"]
[Date "2018.02.23"]
[Round "5"]
[White "Skotheim, Andreas"]
[Black "Nordquelle, Daniel"]
[Result "1-0"]
[WhiteElo "2025"]
[BlackElo "2220"]
[Annotator "NA"]
[PlyCount "47"]
[EventDate "2018.??.??"]
[EventType "swiss"]
[EventCountry "NOR"]
[SourceTitle "playchess.com"]
[Source "ChessBase"]
[SourceQuality "1"]
[TimeControl "5400+30"]

1. c4 {[%emt 0:00:00]} c5 {[%emt 0:00:18]} 2. g3 {[%emt 0:00:00]} Nf6 {[%emt 0:00:06]} 3. Bg2 {[%emt 0:00:22]} d5 {[%emt 0:00:07]} 4. cxd5 {[%emt 0:00:10]} Nxd5 {[%emt 0:00:04]} 5. Nc3 {[%emt 0:00:39]} Nc7 {[%emt 0:00:05]} 6. Nf3 {[%emt 0:02:48]} Nc6 {[%emt 0:00:12]} 7. O-O {[%emt 0:00:56]} e5 {[%emt 0:00:08]} 8. a3 {[%emt 0:01:15]} Rb8 {[%emt 0:00:17]} 9. d3 {[%emt 0:02:40]} Be7 {[%emt 0:00:12]} 10. Be3 {[%emt 0:01:47]} O-O {[%emt 0:00:21]} 11. Ne4 {[%emt 0:04:32]} b6 {[%emt 0:00:31]} 12. b4 {[%emt 0:01:02]} cxb4 {[%emt 0:01:10]} 13. axb4 {[%emt 0:00:10]} Bxb4 {[%emt 0:00:45]} 14. Qa4 {[%emt 0:02:23]} b5 $14 {[%emt 0:04:13]} 15. Qc2 {[%emt 0:00:16]} Nd4 {[%emt 0:18:50]} 16. Nxd4 {[%emt 0:06:54]} exd4 {[%emt 0:00:08]} 17. Bf4 {[%emt 0:00:12]} Rb7 {[%emt 0:09:04]} 18. Nf6+ {[%emt 0:04:41]} Qxf6 {[%emt 0:01:55]} 19. Bxb7 {[%emt 0:00:21]} Bxb7 {[%emt 0:00:07]} 20. Qxc7 {[%emt 0:00:33]} Bd5 {[%emt 0:00:39]} 21. Rxa7 {[%emt 0:00:44]} Bc3 {[%emt 0:02:00]} 22. Qc5 {[%emt 0:02:21]} Bc6 {[%emt 0:02:45]} 23. Bd6 {[%emt 0:02:04]} Rc8 {[%emt 0:00:22]} 24. Qxc6 {[%emt 0:00:25]} 1-0

[Event "Kragero Resort Chess A 2018"]
[Site "Kragero"]
[Date "2018.02.23"]
[Round "5"]
[White "Kvaloy, Aksel Bu"]
[Black "Sahl, Sheila Barth"]
[Result "0-1"]
[WhiteElo "1891"]
[BlackElo "2181"]
[Annotator "TA"]
[PlyCount "74"]
[EventDate "2018.??.??"]
[EventType "swiss"]
[EventCountry "NOR"]
[SourceTitle "playchess.com"]
[Source "ChessBase"]
[SourceQuality "1"]

{[%evp 18,74,39,36,54,42,34,11,39,33,38,-25,-17,-41,-64,-47,-48,-69,-38,-163,-157,-154,-157,-180,-183,-252,-162,-166,-172,-233,-220,-222,-217,-276,-289,-280,-279,-270,-269,-289,-297,-283,-255,-296,-254,-260,-252,-233,-239,-377,-371,-393,-359,-524,-515,-525,-521,-518,-509]} 1. e4 c6 2. d4 g6 3. Nf3 Bg7 4. c3 d5 5. exd5 cxd5 6. Bf4 Nc6 7. Bd3 Nf6 8. h3 a6 9. Nbd2 O-O 10. O-O {LiveBook: 10 Games. B13: Caro-Kann: Exchange Variation and Panov-Botvinnik Attack} (10. a4 Bf5 11. Bxf5 gxf5 12. g4 Qd7 13. Qc2 Ne4 14. Rg1 Kh8 15. Be3 Rac8 16. Qd3 Nxd2 17. Kxd2 Na5 {½-½ (56) Sychev,K (2498)-Popov,I (2599) Moscow 2017}) 10... Ne8 {[%cal Bf6e8,Be8d6,Bd6f7][%mdl 32]} 11. Qe2 Nd6 12. Rae1 $146 {White is slightly better.} ({Find the theoretical novelty and annotate with similar games:} 12. Rfe1 Bf5 13. Bxf5 Nxf5 14. Ne5 e6 15. Nxc6 bxc6 16. Nb3 Re8 17. Nc5 {1-0 (50) Barletta,M (2205)-Spatola,D (2051) Torino 2008}) 12... Re8 13. Ne5 f6 {[%cal Bf7f6,Bf6e5,Be5e4,Be4d3][%mdl 32]} 14. Nxc6 ({White should try} 14. Nxg6 $1 $14 e5 15. dxe5 (15. Qh5 Bf5 $14) 15... hxg6 16. Bxg6 Nxe5 17. Bxe8 Qxe8 18. Nf3) 14... bxc6 $11 15. Nf3 Nf7 16. Bc2 e5 17. dxe5 fxe5 18. Be3 {[#]} ({Better is} 18. Ba4 $15) 18... a5 $1 $19 19. c4 Ba6 20. b3 {[#]} e4 $1 $36 {[%mdl 2048] Threatens to win with ...dxc4. Black is on the roll.} 21. Nd4 (21. Nd2 $142) 21... c5 22. Nb5 d4 23. Bf4 (23. Rd1 $142) 23... Bxb5 24. cxb5 d3 25. Bxd3 exd3 ({Resist} 25... Qxd3 26. Qxd3 exd3 27. Rxe8+ Rxe8 28. Rd1 $17) 26. Qxe8+ Qxe8 27. Rxe8+ Rxe8 28. b6 Be5 29. Re1 Kf8 30. Bd2 Ra8 31. Kf1 Ra6 32. b7 {And now Rxe5! would win.} Rb6 33. Bxa5 (33. Re3 {was worth a try.}) 33... Rxb7 34. Rd1 Rd7 35. Bb6 (35. Bd2 {might work better.}) 35... Rd5 {Black is clearly winning.} 36. a4 Nd6 37. a5 Nc8 {Precision: White = 34%, Black = 73%.} 0-1